The stock market barometer / (Record no. 345649)
[ view plain ]
| 000 -LEADER | |
|---|---|
| fixed length control field | 01190 a2200229 4500 |
| 020 ## - INTERNATIONAL STANDARD BOOK NUMBER | |
| International Standard Book Number | 0471247383 |
| 020 ## - INTERNATIONAL STANDARD BOOK NUMBER | |
| International Standard Book Number | 9780471247388 |
| 082 04 - DEWEY DECIMAL CLASSIFICATION NUMBER | |
| Classification number | 332.64273 |
| 090 ## - LOCALLY ASSIGNED LC-TYPE CALL NUMBER (OCLC); LOCAL CALL NUMBER (RLIN) | |
| -- | 3161 |
| -- | 3161 |
| 100 1# - MAIN ENTRY--PERSONAL NAME | |
| Personal name | Books, Marketplace. |
| 245 14 - TITLE STATEMENT | |
| Title | The stock market barometer / |
| Statement of responsibility, etc. | Marketplace Books. |
| 250 ## - EDITION STATEMENT | |
| Edition statement | 1st ed. |
| 260 ## - PUBLICATION, DISTRIBUTION, ETC. | |
| Place of publication, distribution, etc. | [S.l.] : |
| Name of publisher, distributor, etc. | Wiley, |
| Date of publication, distribution, etc. | 1998. |
| 300 ## - PHYSICAL DESCRIPTION | |
| Extent | 347 p. ; |
| Dimensions | 22 cm. |
| 490 1# - SERIES STATEMENT | |
| Series statement | A marketplace book. |
| 500 ## - GENERAL NOTE | |
| General note | Hardcover. |
| 520 ## - SUMMARY, ETC. | |
| Summary, etc. | A pioneering classic in dow theory. The Dow Theory is consistently on eof the best strategies for understanding and predicting the stock market, and when it is applied as a method of predictable forecast, it is known as the barometer. This finance classic offers tips and trends that William Hamilton observed over the years in the market, offering a view of market behavior that remains perpetually current. Provides an analysis of the stock market and its history since 1897. |
| 830 #2 - SERIES ADDED ENTRY--UNIFORM TITLE | |
| Uniform title | A marketplace book. |
| 856 40 - ELECTRONIC LOCATION AND ACCESS | |
| Materials specified | Amazon.com |
| Uniform Resource Identifier | <a href="http://www.amazon.com/exec/obidos/ASIN/0471247383/chopaconline-20">http://www.amazon.com/exec/obidos/ASIN/0471247383/chopaconline-20</a> |
| 856 40 - ELECTRONIC LOCATION AND ACCESS | |
| Materials specified | Amazon customer reviews |
| Uniform Resource Identifier | <a href="http://www.chopac.org/cgi-bin/tools/azrev.pl?q=0471247383">http://www.chopac.org/cgi-bin/tools/azrev.pl?q=0471247383</a> |
| 942 ## - ADDED ENTRY ELEMENTS (KOHA) | |
| Institution code [OBSOLETE] | NBS |
| Koha item type | Book |
| Call number prefix | 332.64273 HAM |
| Withdrawn status | Lost status | Damaged status | Not for loan | Permanent Location | Current Location | Date acquired | Total Checkouts | Full call number | Barcode | Date last seen | Date last checked out | Price effective from | Koha item type |
|---|---|---|---|---|---|---|---|---|---|---|---|---|---|
| Central Library (CL) | Central Library (CL) | 08/28/2013 | 1 | 332.64273 HAM | NBSD-787 | 03/07/2025 | 08/04/2017 | 08/28/2013 | Book |
